Statistiques concernant Equipes de Ligue 1 et Ligue 2 2022-2023

Cliquez ici pour prendre le quiz!

Statistiques générales

  • Ce quiz a été pris 152 fois
  • Le résultat moyen est 16 sur 20

Statistiques - réponses

Ligue 1Ligue 2% Correct
LensValenciennes
95%
MarseilleBordeaux
95%
LyonAmiens
93%
RennesMetz
90%
LilleGrenoble
89%
NicePau FC
89%
MonacoBastia
88%
Paris-saint-germainSochaux
87%
NantesSaint-Etienne
86%
AngersGuingamp
82%
BrestRodez
81%
StrasbourgNîmes
81%
ToulouseLe havre
81%
MontpellierDijon
80%
LorientCaen
78%
ClermontLaval
73%
ReimsQuevilly
72%
AjaccioFC Annecy
71%
AuxerreNiort
66%
TroyesParis FC
65%

Distribution des résultats

Percentile par nombre de réponses

% des personnes avec chaque résultat

Votre développement - résultats

Vous n’avez pas pris ce quiz